000 00648nam a22002177a 4500
005 20170124110045.0
010 _a707211
020 _c00.00
_a0213994186
035 _a707211
037 _bCen Lib/Ret
040 _aDPL
_bEN
082 _a797.2
_bEAD
100 _aEady Roger
_924440
245 _aModern swimming and traninig techniques :
_cby Roger Eady
_bfor coach and competiotr /
260 _aLondon
_bArthur Barker Limited
_c1972
270 _a5, Winsley Street
_bLondon
_eW1
300 _a171p. :
_c18cm(Hb)
650 _aSwimming
_924441
650 _aSwimming techniques
_924442
942 _2ddc
_cEN
_h797.2
_mEAD
999 _c128786
_d128786